000 00406nam a2200157Ia 4500
005 20250325052014.0
008 240331s9999 xx 000 0 und d
020 _a819008013X
082 _bRAM
_a894
100 _aRamaswamy, S
245 0 _aKaattil kalantha perosai
260 _aNagercoil
_bKalachvhuvadu pathippagam
_c1998
300 _a304 p .,
500 _aCollection Of Essays in Tamil
942 _cL
999 _c4186
_d4186